000
00200nam a2200085Ia 4500
008
120527s9999 xx 000 0 und d
100
_a
Lammana & Riedman
245
_a
Marriages and families
942
_c
BK
999
_c
27444
_d
27444